000 00727nam a2200265Ia 4500
005 20260121165946.0
008 008 260114s9999 xx 000 0 eng d
020 _a9783319546605
037 _aEBOOK
040 _aCRL
040 _beng
040 _cCRL
041 _2eng
041 _aeng
084 _qCRL
100 _aRamy Harik, Louis Rivest, Alain Bernard, Benoit Eynard, Abdelaziz Bouras
_91058094
245 0 _aProduct Lifecycle Management for Digital Transformation of Industries
260 _bSpringer
260 _bSpringer
260 _c2016
856 _uhttps://link.springer.com/openurl?genre=book&isbn=978-3-319-54660-5
942 _cEBOOK
999 _c1623823
_d1623823